| 000 | 01518nam a2200469 a 4500 | ||
|---|---|---|---|
| 003 | AR-BaBNM | ||
| 005 | 20251128203901.0 | ||
| 008 | 082120s2002 ||||||||||||||000 | spa|| | ||
| 040 | _cAR-BaBNM | ||
| 100 | 1 | _aKlausmeier, Herbert J. | |
| 245 | 0 | 0 | _aLa enseñanza en la escuela primaria |
| 260 |
_aBuenos Aires _bEl Ateneo _c1968 |
||
| 300 |
_axix, 505 p. _btablas, diagr. |
||
| 490 | 0 | _aBiblioteca nuevas orientaciones de la educación | |
| 500 | _aIndice alfabético p. 489-505 | ||
| 504 | _aContiene bibliografía al final de cada capítulo | ||
| 650 | 4 | _aCURRICULO | |
| 650 | 4 | _aCURRICULO DE ENSEÑANZA PRIMARIA | |
| 650 | 4 | _aPLANIFICACION DEL CURRICULO | |
| 650 | 4 | _aPLANES DE CLASE | |
| 650 | 4 | _aENSEÑANZA DE LAS MATEMATICAS | |
| 650 | 4 | _aENSEÑANZA DE LA CIENCIA | |
| 650 | 4 | _aENSEÑANZA DE LAS CIENCIAS SOCIALES | |
| 650 | 4 | _aENSEÑANZA DE LA MUSICA | |
| 650 | 4 | _aEDUCACION FISICA | |
| 650 | 4 | _aINADAPTADOS | |
| 653 | _aEDUCACION INICIAL | ||
| 653 | _aPROCESO DE ENSEÑANZA-APRENDIZAJE | ||
| 653 | _aEDUCACION PARA LA SALUD | ||
| 653 | _aORIENTACION EDUCATIVA | ||
| 653 | _aNIÑOS DE APRENDIZAJE LENTO | ||
| 653 | _aDISCAPACIDAD MOTORA | ||
| 653 | _aDISCAPACIDAD VISUAL | ||
| 700 | 1 | _aDresden, Katharine | |
| 700 | 1 |
_aMárquez, Angel Diego _eprologuista |
|
| 700 | 1 |
_aFowlkes, Hohn Guy _eprologuista |
|
| 700 | 1 |
_aBó, Adriana _etraductor |
|
| 700 | 1 |
_aBillino, Ana María _erevisión |
|
| 800 | 1 |
_aMárquez, Angel Diego _edirector |
|
| 942 | _cBK | ||
| 998 | _cSILVI | ||
| 999 |
_c5319 _d5319 |
||